| 000 | 01840nam a2200421 i 4500 | ||
|---|---|---|---|
| 001 | 34852 | ||
| 003 | FlNmELB | ||
| 005 | 20241216221305.0 | ||
| 006 | m o d | | ||
| 007 | cr cnu|||||||| | ||
| 008 | 190415s2018 ck a o 000 0 spa d | ||
| 020 |
_a9789588932798 _q(electronic bk.) |
||
| 020 | _z9789588932781 | ||
| 035 | _a(OCoLC)1128479330 | ||
| 040 |
_aFINmELB _bspa _erda _cFINmELB |
||
| 050 | 4 |
_aHD37.S66 _bB642 2018 |
|
| 080 | _a33 | ||
| 082 | 0 |
_a338.17318 _223 |
|
| 100 | 1 | _aBlandón López, Alexander. | |
| 245 | 1 | 0 |
_aEfectividad del proceso de política y relevancia de los acuerdos de cooperación público-privada para promover la competitividad de las cadenas de valor (CV) : _bel caso de la cadena de valor arroz-molinería del Tolima / _cAlexander Blandón López, Janeth González Rubio, Miguel Armando Rodríguez Márquez. |
| 264 | 1 |
_aTolima : _bSello Editorial Universidad del Tolima, _c2018. |
|
| 300 |
_a1 recurso en línea (138 páginas) : _btablas, gráficas |
||
| 336 |
_atexto _btxt _2rdacontent/spa |
||
| 337 |
_acomputadora _bc _2rdamedia/spa |
||
| 338 |
_arecurso en línea _bcr _2rdacarrier/spa |
||
| 588 | _aDescripción basada en el editor de metadatos y otras fuentes. | ||
| 590 | _aRecurso electrónico. Santa Fe, Arg.: elibro, 2019. Disponible vía World Wide Web. El acceso puede estar limitado para las bibliotecas afiliadas a elibro. | ||
| 650 | 4 | _aAdministración de la producción. | |
| 650 | 4 | _aProductividad industrial. | |
| 650 | 0 | _aIndustrial management. | |
| 650 | 0 | _aIndustrial policy. | |
| 650 | 0 | _aIndustrial productivity. | |
| 655 | 4 | _aLibros electronicos. | |
| 700 | 1 | _aGonzález Rubio, Janeth. | |
| 700 | 1 | _aRodríguez Márquez, Miguel Armando. | |
| 797 | 2 | _aelibro, Corp. | |
| 856 | 4 | 0 |
_uhttps://elibro.net/ereader/politecnicointernacional/71091 _zClick to View |
| 999 |
_c34852 _d34852 |
||